| 000 | 00733cam a2200301 4500 | ||
|---|---|---|---|
| 008 | 090401t1982 xxu||||| |||| 00| 0 eng d | ||
| 020 | _a0333327748 | ||
| 035 | _a(Sirsi) u45181 | ||
| 041 | _aeng | ||
| 050 | _a333.337 | ||
| 100 | _aBalchin, P. | ||
| 245 | _aUrban land economics | ||
| 250 | _a2nd ed. | ||
| 260 |
_aLondon _bMacMillan _c1982 |
||
| 300 | _axviii,300p. ; 22cm. | ||
| 350 | _a0 | ||
| 490 | _aMacMillan Building and Surveying Series | ||
| 650 | _aBUILDING INDUSTRY | ||
| 650 | _aDEVELOPMENT | ||
| 650 | _aHOUSING | ||
| 650 |
_aLand use _96251 |
||
| 650 | _aPROPERTY INVESTMENT | ||
| 650 | _aPROPERTY | ||
| 650 | _aURBAN AREAS | ||
| 700 | _aKieve, Jeffrey L | ||
| 942 | _n0 | ||
| 948 | _c04/03/1997 | ||
| 999 |
_c91653 _d91653 |
||